000 00854nam a22002537a 4500
003 UA-OsUOA
001 37767
007 ta
008 20060405b un ||||| |||| 00| 0 ukr d
090 _a81
_bВ11
942 _cMG
040 _aUA-OsUOA
_brus
_cUA-OsUOA
_dUA-OsUOA
245 _aВопросы языкознания
_bРоссийская академия наук, издается под руководством отделения историко-филологических наук РАН
_cГлав. ред. Апресян Ю.Д.
300 _a160 с.
955 _a0
041 _arus
080 _a81
022 _a0373-658Х
260 _aМ.
_bНаука
044 _aRU
962 _a1993
099 _a70158
650 7 _a8 Мовознавство. Художня література. Літературознавство
_2UDC
999 _c323945
_d323945